000 00425 a2200109 4500
001 ART_41853
005 20260410162024.0
008 260409a
245 1 0 _aMigración internacional de retorno en el Uriguay y reinserción laboral en tiempos de crisis económica internacional, 2011-2013
100 1 _aKoolhaas, Martín
773 0 _tNotas de población
_g- Año XLIII, Nº 103 (jul./dic. 2016)
_wREV41841
999 _c33359
_d33359